<?xml version="1.0" encoding="UTF-8"?>
<collection xmlns="http://www.loc.gov/MARC21/slim">
 <record>
  <leader>02084nam a2200277 a 4500</leader>
  <controlfield tag="001">TVCDKTCT14556</controlfield>
  <controlfield tag="003">Thư viện trường Cao đẳng Kỹ thuật Cao Thắng</controlfield>
  <controlfield tag="005">20170602132707.9</controlfield>
  <controlfield tag="008">140414</controlfield>
  <datafield tag="980" ind1="\" ind2="\">
   <subfield code="a">Thư viện Trường CĐ Kỹ Thuật Cao Thắng</subfield>
  </datafield>
  <datafield tag="024" ind1=" " ind2=" ">
   <subfield code="a">RG_1 #1 eb0 i1</subfield>
  </datafield>
  <datafield tag="041" ind1="0" ind2="#">
   <subfield code="a">vie</subfield>
  </datafield>
  <datafield tag="082" ind1="#" ind2="#">
   <subfield code="a">621.042 / </subfield>
   <subfield code="b">GI108TR-b</subfield>
  </datafield>
  <datafield tag="100" ind1="1" ind2="#">
   <subfield code="a">Bộ Giáo Dục</subfield>
  </datafield>
  <datafield tag="245" ind1="0" ind2="0">
   <subfield code="a">Giáo trình giáo dục sử dụng năng lượng tiết kiệm và hiệu quả ( Dùng cho học sinh trung cấp chuyên nghiệp khối ngành Công nghệ -Kỹ thuật) / </subfield>
   <subfield code="c">Bộ Giáo Dục</subfield>
  </datafield>
  <datafield tag="260" ind1="#" ind2="#">
   <subfield code="a">H. : </subfield>
   <subfield code="b">Nhà xuất bản Giáo dục Việt Nam , </subfield>
   <subfield code="c">2010</subfield>
  </datafield>
  <datafield tag="300" ind1="#" ind2="#">
   <subfield code="a">154tr. ; </subfield>
   <subfield code="c">24cm</subfield>
  </datafield>
  <datafield tag="520" ind1="#" ind2="#">
   <subfield code="a">Chương 1: Năng lượng và các vấn đề năng lượng.</subfield>
  </datafield>
  <datafield tag="520" ind1="#" ind2="#">
   <subfield code="a">Chương 2: Sử dụng năng lượng tiết kiệm và hiệu quả.</subfield>
  </datafield>
  <datafield tag="520" ind1="#" ind2="#">
   <subfield code="a">Chương 3: Sử dụng điện năng tiết kiệm và hiệu quả.</subfield>
  </datafield>
  <datafield tag="520" ind1="#" ind2="#">
   <subfield code="a">Chương 4: Sử dụng xăng dầu, khí đốt, than tiết kiệm và hiệu quả.</subfield>
  </datafield>
  <datafield tag="520" ind1="#" ind2="#">
   <subfield code="a">Giáo trình được chia thành 4 chương gốm :</subfield>
  </datafield>
  <datafield tag="520" ind1="#" ind2="#">
   <subfield code="a">Việc sản xuất và sử dụng năng lượng có tầm quan trọng đặc biệt đối với sự phát triển bền vững của mọi quốc gia. Trong khi đó, nguồn năng lượng truyền thống có thể khai thác để cung cấp cho nhu cầu của xã hội không phải là vô tận. Vì vậy, việc sử dụng năng lượng tiết kiệm và hiệu quả đã được các nước trên thế giới đánh giá là một trong những lựa chọn ưu tiên để thực hiện chiến lược phát triển bền vững trong thế kỷ 21.</subfield>
  </datafield>
  <datafield tag="650" ind1="#" ind2="4">
   <subfield code="a">Năng lượng</subfield>
  </datafield>
  <datafield tag="721" ind1="#" ind2="#">
   <subfield code="a">CNKT Cơ khí</subfield>
  </datafield>
  <datafield tag="841" ind1="#" ind2="#">
   <subfield code="b">Kho Sách </subfield>
   <subfield code="j">100042946, 100042979, 100042989</subfield>
  </datafield>
 </record>
</collection>
